Statistics for Kpop Artist by Song #2

Click here to take the quiz!

General Stats

  • This quiz has been taken 1,145 times
  • The average score is 19 of 50

Answer Stats

HintAnswer% Correct
Cheer UpTwice
98%
Gangnam StylePsy
89%
Up & DownEXID
83%
MonsterEXO
83%
War of HormoneBTS
82%
Dumb DumbRed Velvet
80%
Adore USeventeen
79%
LuciferShinee
77%
Lion HeartGirl's Generation
76%
Mr. SimpleSuper Junior
76%
Bad Girl, Good GirlMiss A
68%
4 WallsF(x)
66%
Crazy4Minute
65%
No No NoAPink
60%
RoughGFriend
57%
Stop Stop ItGot7
57%
CongratulationsDay6
56%
Bae BaeBig Bang
54%
Sugar FreeT-Ara
51%
CrookedG-Dragon
50%
Nillili MamboBlock B
42%
Roll DeepHyuna
41%
MommaeJay Park
40%
All InMonsta X
37%
Short HairAce of Angels
33%
Taller Than YouMamamoo
32%
Ugly2NE1
28%
ExpectationGirl's Day
27%
Drip DropTaemin
24%
A.D.T.O.Y.2PM
23%
I Need a GirlTaeyang
22%
TrapHenry
21%
I Am You, You Are MeZico
19%
How People MoveAkdong Musician
17%
Paradise LostGain
17%
AirplanesIkon
16%
My CopycatOrange Caramel
16%
Only OneBoA
13%
Heartbreak HotelTiffany
13%
StingStellar
11%
Baby I'm JellyAOA Cream
10%
Bad GirlsLee Hyori
8%
CushionSonamoo
8%
Gotta Go To WorkBeast
5%
FridayIU
5%
Back and Forth 30minGiriboy
4%
Ordinary LovePark Kyung
4%
KissDara
3%
Love TalkKisum
2%
Don't Be ShyPrimary
2%

Score Distribution

Percentile by Number Answered

Percent of People with Each Score

Your Score History

You have not taken this quiz